Understanding personal, social, health and economic education in primary schools
Guardat en:
| Autor principal: | |
|---|---|
| Format: | Llibre |
| Idioma: | anglès |
| Publicat: |
SAGE Publications
2014
|
| Etiquetes: |
Afegir etiqueta
Sense etiquetes, Sigues el primer a etiquetar aquest registre!
|
MARC
| LEADER | 00000nam a22000007a 4500 | ||
|---|---|---|---|
| 008 | 210125b ||||| |||| 00| 0 eng d | ||
| 020 | |a 978-1-4462-6875-9 | ||
| 100 | |a BODDINGTON, Nick. | ||
| 245 | |a Understanding personal, social, health and economic education in primary schools |c Nick Boddington, Adrian King [and] Jenny McWhirter |g 283p.; ill. | ||
| 260 | |b SAGE Publications |c 2014 |h Thousand Oaks, California: |i 692419 |i 692420 |l LC4713.2 .B63 |m Early childhood education. |m Child development. |m Health education. | ||
| 500 | |a “It includes references and index” | ||
| 942 | |a lcc |c BK |e Adeniran, F. A |f 25/01/2021 | ||
| 952 | |0 0 |1 0 |2 lcc |4 0 |6 LC47132 B63 |7 0 |9 1685 |a HOL |b ED |c LP |d 2021-01-25 |l 0 |o LC4713.2 .B63 |p 2021-0469 |r 2021-01-25 00:00:00 |w 2021-01-25 |y BK | ||
| 952 | |0 0 |1 0 |2 lcc |4 0 |6 LC47132 B63 |7 0 |9 1686 |a HOL |b HOL |c LP |d 2021-01-25 |l 0 |o LC4713.2 .B63 |p 2021-0470 |r 2021-01-25 00:00:00 |w 2021-01-25 |y BK | ||
| 999 | |c 896 |d 896 | ||